<?xml version="1.0" encoding="UTF-8"?>
<collection xmlns="http://www.loc.gov/MARC21/slim">
 <record>
  <leader>00928ngm a22002415g 4500</leader>
  <controlfield tag="001">CEM.cems021595</controlfield>
  <controlfield tag="008">130507b1992##################0###0#####d</controlfield>
  <controlfield tag="005">20240829164835.0</controlfield>
  <datafield tag="245" ind1="0" ind2="0">
   <subfield code="a">Casa de piedra /</subfield>
  </datafield>
  <datafield tag="300" ind1=" " ind2=" ">
   <subfield code="a">14</subfield>
  </datafield>
  <datafield tag="500" ind1=" " ind2=" ">
   <subfield code="a">En soporte VHS, consultar en ventanilla.</subfield>
  </datafield>
  <datafield tag="520" ind1=" " ind2=" ">
   <subfield code="a">Represa Casa de Piedra. Legislación y planificación para el proyecto interprovincial. Túneles, válvulas, etc. Descripción y proceso de hidrolización del agua. Capacidad de generación de energía.</subfield>
  </datafield>
  <datafield tag="538" ind1=" " ind2=" ">
   <subfield code="a">Soporte: VHS - Norma: Pal N - Color - Grabación DRD 1992 - Hitachi=4390</subfield>
  </datafield>
  <datafield tag="082" ind1="6" ind2="2">
   <subfield code=".">3/AVE</subfield>
  </datafield>
  <datafield tag="653" ind1=" " ind2=" ">
   <subfield code="a">INGENIERIA HIDRAULICA</subfield>
  </datafield>
  <datafield tag="653" ind1=" " ind2=" ">
   <subfield code="a">CASA DE PIEDRA</subfield>
  </datafield>
  <datafield tag="653" ind1=" " ind2=" ">
   <subfield code="a">PROVINCIA DE LA PAMPA</subfield>
  </datafield>
  <datafield tag="653" ind1=" " ind2=" ">
   <subfield code="a">ENERGIA</subfield>
  </datafield>
  <datafield tag="653" ind1=" " ind2=" ">
   <subfield code="a">ARGENTINA-ENERGIA</subfield>
  </datafield>
  <datafield tag="653" ind1=" " ind2=" ">
   <subfield code="a">ENERGIA HIDROELECTRICA</subfield>
  </datafield>
  <datafield tag="653" ind1=" " ind2=" ">
   <subfield code="a">REPRESAS</subfield>
  </datafield>
  <datafield tag="653" ind1=" " ind2=" ">
   <subfield code="a">NIVEL SECUNDARIA</subfield>
  </datafield>
  <datafield tag="859" ind1=" " ind2=" ">
   <subfield code="a">CEMS</subfield>
   <subfield code="b">BIB. CEMS - Depto. Recursos Didacticos</subfield>
   <subfield code="h">622.3</subfield>
   <subfield code="i">AVE</subfield>
   <subfield code="k">DRD</subfield>
   <subfield code="p">238.12</subfield>
   <subfield code="t">Ej.1</subfield>
  </datafield>
 </record>
</collection>
